000 01719cam a2200385 i 4500
001 18120140
005 20170105102935.0
008 140418s2014 enk b 001 0 eng
010 _a 2014015518
020 _a9781472445261 (hardback : alk. paper)
020 _z9781472445285 (ebook)
020 _z9781472445278 (epub)
040 _aDLC
_beng
_cDLC
_erda
_dDLC
042 _apcc
043 _ae------
_an-us---
050 0 0 _aUA926
_b.C552 2014
082 0 0 _a363.346094
_223
_bCLA 2014
100 1 _aClarke, John L.
_q(John Louie),
_d1952-
245 1 0 _aWhat should armies do? :
_barmed forces and civil security /
_cby John L. Clarke.
260 _aUSA
_bAshgate publishing
_c2014
300 _axi, 159 pages ;
_c25 cm
504 _aIncludes bibliographical references and index.
505 0 _aArmed forces in civil security: the Western tradition -- Contemporary transatlantic defense challenges -- Trends in modern military organizations -- Key considerations for armed forces in civil security -- Supporting the civil authority -- What's next? -- What's best? Force nominations for contemporary security challenges -- A specialized force for civil security? -- What armies should do?.
650 0 _aCivil defense
_zEurope.
650 0 _aCivil defense
_zUnited States.
650 0 _aArmies
_xOrganization.
650 0 _aCivil-military relations.
650 0 _aNational security.
651 0 _aEurope
_xArmed Forces
_xCivic action.
651 0 _aUnited States
_xArmed Forces
_xCivic action.
651 0 _aEurope
_xDefenses.
906 _a7
_bcbc
_corignew
_d1
_eecip
_f20
_gy-gencatlg
942 _2ddc
_cBK
999 _c16228
_d16228